| 000 | 02564nam a2200361 a 4500 | ||
|---|---|---|---|
| 001 | ebr10461202 | ||
| 003 | CaPaEBR | ||
| 006 | m u | ||
| 007 | cr cn||||||||| | ||
| 008 | 090813s2009 mau sb 000 0 eng d | ||
| 010 | _z 2009033244 | ||
| 020 | _z9789004180130 (pbk. : alk. paper) | ||
| 020 | _z9789047444633 (e-book) | ||
| 040 |
_aCaPaEBR _cCaPaEBR |
||
| 035 | _a(OCoLC)726827053 | ||
| 043 | _af------ | ||
| 050 | 1 | 4 |
_aHM881 _b.M68 2009eb |
| 082 | 0 | 4 |
_a303.48/40960904 _222 |
| 245 | 0 | 0 |
_aMovers and shakers _h[electronic resource] : _bsocial movements in Africa / _cedited by Stephen Ellis, Ineke van Kessel. |
| 260 |
_aLeiden ; _aBoston : _bBrill, _cc2009. |
||
| 300 | _avii, 257 p. | ||
| 490 | 1 |
_aAfrican dynamics, _x1568-1777 ; _v8 |
|
| 504 | _aIncludes bibliographical references (p. [237]-253). | ||
| 505 | 0 | _aIntroduction : African social movements or social movements in Africa? / Stephen Ellis & Ineke van Kessel -- Social movement theory : past, presence & prospects / Jacquelien van Stekelenburg & Bert Klandermans -- Speaking to global debates through a national and continental lens : South African and African social movements in comparative perspective / Adam Habib & Paul Opoku-Mensah -- African civil society, 'blood diamonds' and the Kimberley process / Lansana Gberie -- The Islamic courts union : the ebb and flow of a Somali Islamist movement / Jon Abbink -- Liberia's women acting for peace : collective action in a war-affected country / Veronika Fuest -- Nurtured from the pulpit : the emergence and growth of Malawi's democracy movement / Boniface Dulani -- Bare-foot activists : transformations in the haratine movement in Mauritania / Zekeria Ould Ahmed Salem -- An Islamic social movement in contemporary West Africa : NASFAT of Nigeria / Benjamin Soares -- The United Democratic Front's legacy in South Africa : mission accomplished or vision betrayed? / Ineke van Kessel -- 'Campus cults' in Nigeria : the development of an anti-social movement / Stephen Ellis. | |
| 533 |
_aElectronic reproduction. _bPalo Alto, Calif. : _cebrary, _d2013. _nAvailable via World Wide Web. _nAccess may be limited to ebrary affiliated libraries. |
||
| 650 | 0 |
_aSocial movements _zAfrica _xHistory _y20th century. |
|
| 655 | 7 |
_aElectronic books. _2local |
|
| 700 | 1 |
_aEllis, Stephen, _d1953- |
|
| 700 | 1 | _aKessel, Ineke van. | |
| 710 | 2 | _aebrary, Inc. | |
| 830 | 0 |
_aAfrican dynamics ; _v8. |
|
| 856 | 4 | 0 |
_uhttp://site.ebrary.com/lib/rucke/Doc?id=10461202 _zAn electronic book accessible through the World Wide Web; click to view |
| 999 |
_c240747 _d240747 |
||